Propuesta de sistema de información para la gestión de obras, usuarios y préstamos para la Biblioteca Francisco Buitrago
Presenta propuesta de Sistema de Información para la Gestión de obras, usuarios y préstamos para la Biblioteca Francisco Buitrago, el cual está estructurado en tres capítulos 1) modelo de requerimientos describe el sistema de negocios de la biblioteca y la problemática identificada en los proc...
| Main Authors: | , , |
|---|---|
| Other Authors: | |
| Format: | Tesis Section = Libro |
| Language: | Undetermined Spanish |
| Published: |
Managua
UNI
2009
|
| Subjects: |
| LEADER | 01766nam a2200277Ia 4500 | ||
|---|---|---|---|
| 008 | 240830s9999 xx 000 0 und d | ||
| 040 | |a BIBLIOTECA-RUPAP T.Mon 025.04 M617 | ||
| 041 | |a spa | ||
| 082 | |a T.Mon 025.04 M617 | ||
| 100 | 1 | |a Meza Hernández, Loyrecctt Antonia | |
| 100 | 1 | |b Morales Novoa, Martha Isabel | |
| 100 | 1 | |c Álvarez Vélez, Juan Carlos | |
| 245 | 1 | 0 | |a Propuesta de sistema de información para la gestión de obras, usuarios y préstamos para la Biblioteca Francisco Buitrago |
| 260 | |a Managua |b UNI |c 2009 | ||
| 300 | |a 113 p. :il. | ||
| 502 | |a Tesis (Ingeniero de Sistemas)- UNI, 2009. | ||
| 520 | 3 | |a Presenta propuesta de Sistema de Información para la Gestión de obras, usuarios y préstamos para la Biblioteca Francisco Buitrago, el cual está estructurado en tres capítulos 1) modelo de requerimientos describe el sistema de negocios de la biblioteca y la problemática identificada en los procesos de manejo del acervo bibliográfico, circulación y préstamos, el control de usuarios de la biblioteca y la generación de estadísticas bibliotecarias 2) análisis muestra gráficamente la funcionalidad del sistema mediante diagrama de casos de uso y sus correspondientes descripciones en las plantillas de Coleman 3) diseño enfoca el modelo conceptual del prototipo a desarrollar mediante el diagrama. | |
| 650 | 7 | |a SISTEMA DE INFORMACIÓN AUTOMATIZADA - GESTIÓN - USUARIOS - PRÉSTAMO - BIBLIOTECA | |
| 650 | 7 | |b PROTOTIPO - SISTEMA INFORMÁTICO | |
| 650 | 7 | |c DIAGRAMA - DISEÑO DE PROGRAMAS | |
| 650 | 7 | |e ESTRUCTURA ORGANIZACIONAL - BIBLIOTECA | |
| 650 | 7 | |f ANÁLISIS Y DISEÑO DEL SISTEMA | |
| 700 | 1 | |a Tutor: |b Membreño Gudiel, Yasser Ronald | |
| 942 | |c BK |2 ddc | ||
| 991 | |a TESIS | ||
| 999 | |c 18033 | ||